| 000 | 00604cab a2200253 4500 | ||
|---|---|---|---|
| 001 | ABS60336 | ||
| 008 | 090401t1999 xxu||||| |||| 00| 0 eng d | ||
| 035 | _a(Sirsi) u92506 | ||
| 041 | _aeng | ||
| 100 | _aMyers, A. | ||
| 245 | _aJustice on a faster track | ||
| 260 | _c1999 | ||
| 350 | _a0 | ||
| 490 |
_aEstates Gazette _v(9912) 27 March 1999, 160-161(2) |
||
| 650 | _aCIVIL JUSTICE | ||
| 650 | _aCIVIL PROCEDURE | ||
| 650 | _aLITIGATION | ||
| 650 | _aPOSSESSION PROCEEDINGS | ||
| 650 | _aSMALL CLAIMS | ||
| 650 | _aWOOLF REPORT | ||
| 690 | _aLAW | ||
| 942 | _n0 | ||
| 948 | _c01/04/1999 | ||
| 999 |
_c58638 _d58638 |
||